01143cam a2200265 a 4500001001000000003000900010005001700019008004100036020004600077020003400123040001800157082002400175100003800199245011200237260007500349300002800424504005500452651007500507651008000582710002900662910003400691942001400725952012300739999001500862000005934DO-SdBNP20220519134606.0020927s2002 mx a b 001 0 spa  a9687947047 (Colegio de la Frontera Norte) a9707220392 (Plaza y Valdés) aDO-SdBNPcDLC 4a972.7214bC764e2221 aContreras Delgado, Camilo.91672610aEspacio y sociedad :breestructuración espacial de un antiguo enclave minero /cCamilo Contreras Delgado. aMéxico :bEl Colegio de la Frontera Norte,bPlaza y Valdés,c2002. a191 p. :bil. ;c22 cm. aIncluye referencias bibliográficas (p. 181-191). 4aMinas De Barroterán (Coahuila México)xCondiciones sociales916727 4aMinas De Barroterán (Coahuila México)xCondiciones Esconómicas9167282 aPlaza y Valdés.916729 aCatalogación por copia / LC 2ddccLBS1 001052708MOaGRbGRcCTd2009-08-24iLF1l0o972.7214 C764ep5934-10r2020-06-25w2020-06-25y2ZPréstamo interno c5730d5730